000 01796nam a2200373 i 4500
999 _c65610
_d65610
001 768714001
003 CO-MdFUSB
005 20200603174021.0
007 ta
008 200402t2004 mau |||| |||| 00| 0 eng d
020 _a 9781565635302
040 _aCO-MdFUSB
_bspa
_cCO-MdFUSB
_dCO-MdFUSBC
_erda
041 _aeng
082 _223
_a231.8
_bN224
100 1 _aNardoni, Enrique,
_d1924-2002.
_eautor
245 1 _aRise up o judge :
_ba study of justice in the biblical world
_c/ Nardoni, Enrique. ; traducido por Seán Charles Martin.
264 1 _aMassachusetts :
_bHendrickson Publishers,
_c[2004]
264 4 _c© 2004
300 _a343 pàginas
_c; 23 cm
336 _2rdacontent
_atexto
_btxt
337 _2rdamedia
_asin mediación
_bn
338 _2rdacarrier
_avolumen
_bnc
500 _aColección Dawn Christina Harrell
505 _aJusticia en la antigua Mesopotamia. -- Justicia en el antiguo Egipto. -- Éxodo como un evento de liberación de la justicia. -- Normas de justicia en las leyes del pacto. -- Justicia, monarquía y profecía. -- Justicia en los libros de Salmos y Sabiduría. -- Justicia en los escritos apocalípticos. -- Justicia en el ministerio de Jesús de Nazaret. -- Justicia en el Evangelio de Marcos. -- Justicia en el Evangelio de Mateo y la carta de Santiago. -- Justicia en el Evangelio de Lucas y los Hechos de los apóstoles. -- Justicia en las cartas de Pablo. -- Justicia en los escritos de Johannine. -- Conclusión general.
563 _aRùstico
630 0 7 _aBiblia
_xCrítica, interpretación, etc.
650 0 _91851
_aJusticia social
650 7 _9280
_aDios
_xJusticia
650 7 _9320
_aTeología bíblica
700 _93233
_aMartin, Seán Charles
_etraductor
942 _cBK
945 _aJTF-925